000 00600nam a22002297a 4500
003 dpl
005 20180727124133.0
008 081020t xxu||||| |||| 00| 0 eng d
010 _aENG-84035
020 _a8126022299
020 _c200.00 (hb)
035 _aEN-67568, B-222249
040 _c0
082 _aN / PUN
100 _aPunekar, Shankar Mokashi
245 _aAwadheshwari /
_cby Shankar Mokashi Punekar; translated by P P Giridhar
260 _aNew Delhi
_bSahitya Akademi
260 _c2006
300 _a408p
_c22cm
700 _aGiridhar, P P
_ctr
942 _2ddc
_cEN
_hN
_mPUN
999 _c17002
_d17002